| 000 | 00689nas a2200229 4500 | ||
|---|---|---|---|
| 001 | BR7902096 | ||
| 003 | BR-BrBNA | ||
| 005 | 20231205083656.0 | ||
| 007 | ta | ||
| 008 | 230509b bl.|||p| |||| 00| 00por d | ||
| 040 |
_aBR-BrBNA _bpor _cBiblioteca Nacional de Agricultura |
||
| 041 | _a(Pt) | ||
| 072 | _aK10 | ||
| 100 | 1 | _aValle, C.F. do | |
| 245 | 1 | _aEnraizamento de estacas de Eucalyptus sp. [eucalipto] | |
| 650 | _aPRODUCAO FLORESTAL | ||
| 650 | _aEUCALIPTO | ||
| 650 | _aENRAIZAMENTO DE ESTACA | ||
| 773 | 0 |
_tIPEF. Boletim Informativo (Brazil) _xISSN 0100-4557 _g(Jul 1978), v. 6(16) p. J-1/J-5 _wBR7902096 |
|
| 909 |
_a202311 _bLúcia _c55 _dLúcia Elande |
||
| 942 |
_2AGRIS _n0 _cANA |
||
| 999 |
_c100493 _d100493 |
||